00925nam a2200241 a 4500008004100000020001800041050001800059100002000077245011800097260002800215300003000243650002800273650001800301650001600319650001700335650002000352650001900372700002100391700001900412995010100431999001700532952013400549190823s2019 ||||||||||||||||| || u a9780415332835 aHC 79. E5 ALL aMiddleton, Carl14aThe water-food-energy nexus : power, politics, and justicecBy Jeremy Allouche, Carl Middleton, and Dipak Gyawali aLondonbRoutledgec2019 a139 pages : illustrations 0aSUSTAINABLE DEVELOPMENT aFOOD SECURITY 0aFOOD SUPPLY 0aWATER SUPPLY aENERGY SECURITY 0aWATER SECURITY aAllouche, Jeremy aGyawali, Dipak D30.96FCBU-MAIN LIBRARY (Kitwe)M1UAVAILABLEWAug 23, 2019ZMain Library Open Access Collection c61473d61473 00102lcc4070a001b001cMain Library Open Access Collectiond2022-11-30l0oHC 79. E5 ALLp749867r2022-11-30w2022-11-30y002